[Event "BRA Amateur-ch U1800"]
[Site "Sao Paulo"]
[Date "2022.11.06"]
[Round "7"]
[White "Barberi, Catarina"]
[Black "Aragao Neto, Joao Batista"]
[Result "0-1"]
[WhiteElo "1350"]
[BlackElo "1624"]
[PlyCount "80"]
[EventDate "2022.11.03"]
[EventType "swiss"]
[EventRounds "7"]
[EventCountry "BRA"]
[SourceTitle "CBM 211 Extra"]
[Source "ChessBase"]
[SourceDate "2023.01.31"]
[SourceVersion "1"]
[SourceVersionDate "2023.01.31"]
[SourceQuality "1"]

1. d4 Nf6 2. Nf3 e6 3. c4 b6 4. g3 Bb7 5. Bg2 Be7 6. 0-0 0-0 7. Nc3 d6 8. Qc2 Nbd7 9. a3 c5 10. b3 cxd4 11. Nxd4 Bxg2 12. Kxg2 Qc7 13. Bb2 Rac8 14. Kg1 Qb7 15. Qd2 Rfd8 16. Nf3 Nc5 17. Qc2 d5 18. cxd5 Nxd5 19. Nxd5 Rxd5 20. Rac1 Rdd8 21. Rfd1 Rxd1+ 22. Rxd1 Na4 23. Qd2 Nxb2 24. Qxb2 Qe4 25. b4 Rc2 26. Qd4 Qxe2 27. Ne5 h6 28. Rf1 Bf6 29. Qd3 Bxe5 30. Qxe2 Rxe2 31. Rd1 Ra2 32. Rd3 Bb2 33. Rd8+ Kh7 34. Rd7 Rxa3 35. Rxf7 a5 36. bxa5 bxa5 37. Re7 e5 38. Ra7 a4 39. Ra5 Ra1+ 40. Kg2 a3 0-1

[Event "BRA-ch Amateur U1600"]
[Site "Sao Paulo"]
[Date "2022.06.16"]
[Round "1"]
[White "Barberi, Catarina"]
[Black "Piekarski, Leonidas Wiecheteck"]
[Result "1-0"]
[WhiteElo "1332"]
[BlackElo "1706"]
[PlyCount "53"]
[EventDate "2022.06.16"]
[EventType "swiss"]
[EventRounds "7"]
[EventCountry "BRA"]
[SourceTitle "CBM 208 Extra"]
[Source "ChessBase"]
[SourceDate "2022.07.31"]
[SourceVersion "1"]
[SourceVersionDate "2022.07.31"]
[SourceQuality "1"]

1. d4 d5 2. c4 c6 3. Qc2 e6 4. Nf3 Nf6 5. g3 Bd6 6. Bg2 0-0 7. 0-0 h6 8. Nbd2 Nbd7 9. b3 b6 10. Bb2 Ba6 11. Rfe1 Re8 12. e4 b5 13. e5 Be7 14. exf6 Bxf6 15. c5 Bc8 16. b4 a6 17. Nb3 Be7 18. Re2 Nf6 19. Ne5 Bb7 20. Na5 Qc7 21. Rae1 Nh7 22. Nxf7 Kxf7 23. Qxh7 Bf8 24. Bh3 Bc8 25. Bg4 Re7 26. Bh5+ Kf6 27. Qg6# 1-0

[Event "South America-ch U12 Girls 16th"]
[Site "Buenos Aires"]
[Date "2019.12.05"]
[Round "7.10"]
[White "Barberi, Catarina"]
[Black "Horane Siracusa, Sofia Eva"]
[Result "1-0"]
[WhiteElo "1312"]
[BlackElo "1109"]
[PlyCount "95"]
[EventDate "2019.12.01"]
[EventType "swiss"]
[EventRounds "9"]
[EventCountry "ARG"]
[SourceTitle "EXT 2024"]
[Source "ChessBase"]
[SourceDate "2023.10.10"]
[SourceVersion "1"]
[SourceVersionDate "2023.10.10"]
[SourceQuality "1"]

1. d4 d5 2. c4 c6 3. Nf3 Nf6 4. Qc2 g6 5. Nh4 e6 6. g3 c5 7. cxd5 Qxd5 8. Bg2 Qxd4 9. Be3 Qd6 10. 0-0 Nc6 11. Rd1 Qe7 12. Bxc6+ bxc6 13. b4 Nd7 14. Bxc5 Nxc5 15. bxc5 Qxc5 16. Qxc5 Bxc5 17. Nc3 Ba6 18. Rdc1 Ba3 19. Rc2 0-0 20. Nb1 Bb4 21. a3 Be7 22. Rxc6 Bxe2 23. Nc3 Bd3 24. Rd1 Bc2 25. Rd2 Bxh4 26. Rxc2 Bf6 27. Nb5 a5 28. a4 Be5 29. R2c5 Bb8 30. Rc8 Ba7 31. Nxa7 Rxa7 32. Kg2 Kg7 33. Kf3 Rd7 34. Rxf8 Kxf8 35. Rxa5 Ke7 36. Ke3 Rd5 37. Rxd5 exd5 38. a5 Kd7 39. a6 Kc6 40. Kd4 Kb6 41. Kxd5 Kxa6 42. Ke5 Kb5 43. Kf6 Kc4 44. Kxf7 Kd3 45. Kg7 Ke2 46. f4 Kf3 47. Kxh7 Kg4 48. Kxg6 1-0

[Event "Sao Paulo op-C U1700 8th"]
[Site "Sao Paulo"]
[Date "2019.10.19"]
[Round "4"]
[White "Krongold, Breno"]
[Black "Barberi, Catarina"]
[Result "1-0"]
[WhiteElo "1632"]
[BlackElo "1290"]
[PlyCount "181"]
[EventDate "2019.10.17"]
[EventType "swiss"]
[EventRounds "6"]
[EventCountry "BRA"]
[SourceTitle "CBM 192 Extra"]
[Source "Chessbase"]
[SourceDate "2019.11.06"]
[SourceVersion "1"]
[SourceVersionDate "2019.11.06"]
[SourceQuality "1"]

1. e4 c5 2. Nf3 e6 3. d4 cxd4 4. Nxd4 Nf6 5. Nc3 Nc6 6. Bc4 Bb4 7. Ndb5 Nxe4 8. Bd2 Nxc3 9. Bxc3 Bxc3+ 10. Nxc3 d5 11. Be2 a6 12. 0-0 Qb6 13. Rb1 Qd4 14. Qc1 h6 15. Rd1 Qe5 16. Re1 Qg5 17. Qd1 0-0 18. a3 Bd7 19. Qd3 Na7 20. Rbd1 Bb5 21. Nxb5 Nxb5 22. Qb3 Nd6 23. Bd3 b5 24. Re3 Qg4 25. Rde1 Qa4 26. Qc3 Rac8 27. Qd2 Nc4 28. Bxc4 Qxc4 29. Rg3 Qxc2 30. Qxh6 Qh7 31. Qf4 Rc4 32. Qg5 f6 33. Qd2 Rc2 34. Qb4 e5 35. Qe7 g5 36. Qe6+ Qf7 37. Qxa6 Rxb2 38. h4 Kh7 39. hxg5 fxg5 40. Rf3 Qg7 41. Rh3+ Kg8 42. Qe6+ Qf7 43. Qxf7+ Rxf7 44. Rxe5 Rfxf2 45. Rxg5+ Kf7 46. Rd3 Kf6 47. Rdxd5 Rf4 48. Rxb5 Rxb5 49. Rxb5 Rc4 50. Rb3 Rc8 51. Kf2 Kf5 52. Kf3 Kg5 53. g3 Rf8+ 54. Ke4 Ra8 55. Kd4 Ra4+ 56. Kc3 Rg4 57. Kb2 Kf5 58. Rc3 Ra4 59. Kb3 Ra8 60. Rc4 Ke5 61. a4 Kd5 62. g4 Rb8+ 63. Rb4 Re8 64. a5 Ra8 65. Ka4 Kc5 66. g5 Kc6 67. g6 Kc7 68. g7 Rg8 69. Rg4 Kb7 70. Rg6 Ka7 71. Kb4 Rb8+ 72. Kc5 Rg8 73. Kd5 Kb7 74. Ke5 Ka7 75. Kf5 Kb7 76. Kg5 Ka7 77. Kh6 Rb8 78. g8Q Rxg8 79. Rxg8 Ka6 80. Rb8 Kxa5 81. Kg5 Ka4 82. Kf4 Ka3 83. Ke4 Ka4 84. Kd4 Ka5 85. Kc4 Ka6 86. Kc5 Ka7 87. Rb1 Ka8 88. Kc6 Ka7 89. Rb2 Ka8 90. Kc7 Ka7 91. Ra2# 1-0